000 00706nam a2200205Ii 4500
003 JO-AjNU
008 230605s9999||||xx |||||||||||||| ||und||
017 _a5000/1964/674
040 _aJO-AjNU
_bara
_erda
_cJO-AjNU
041 _aara
050 1 4 _aQR81 1974
100 3 _aسليم ، محمود,
_eauthor
_919556
245 0 0 _aبكتيريا العقد الجذرية اهميتها وخواصها واستعمالها في تلقيح الاراضي المصرية
264 3 1 _a د.م : د.ن ، 1974
300 _a65ص
336 _atext
_btxt
_2rdacontent
337 _aunmediated
_bn
_2rdamedia
338 _avolume
_bnc
_2rdacarrier
650 4 _aبكتيريا - تلقيح التربة
_919557
999 _aA6474
_c10042
_d10042